War in China : America’s role in the Far East

Bewaard in:
Bibliografische gegevens
Hoofdauteur: Fry, Varian
Formaat: Boek
Taal:Undetermined
Gepubliceerd in: New York Foreign policy association 1938
Onderwerpen:
Tags: Voeg label toe
Geen labels, Wees de eerste die dit record labelt!
Thư viện lưu trữ: Trung tâm Học liệu Trường Đại học Cần Thơ
LEADER 00670nam a2200229Ia 4500
001 CTU_112198
008 210402s9999 xx 000 0 und d
082 |a 327.51073 
082 |b F946 
100 |a Fry, Varian 
245 0 |a War in China : 
245 0 |b America’s role in the Far East 
245 0 |c Varian Fry 
260 |a New York 
260 |b Foreign policy association 
260 |c 1938 
650 |a Eastern question (far east),China,China,United states 
650 |x History,Foreign relations,Foreign relations 
650 |y 1937-1945 
650 |z United states,China 
904 |i Năm 
980 |a Trung tâm Học liệu Trường Đại học Cần Thơ